| 000 | 00634nam a22001817a 4500 | ||
|---|---|---|---|
| 008 | 160421b xxu||||| |||| 00| 0 eng d | ||
| 020 | _a9789719365549 | ||
| 082 |
_22007 _aDFil 364.68 _bF76c |
||
| 100 |
_96157 _aForonda, Mercedes A. |
||
| 245 |
_aCorrectional administration: _bnon-institutional corrections/ _cMercedes A. Foronda |
||
| 260 |
_aQuezon City: _bWiseman's Books Trading, _cc2007. |
||
| 300 |
_a275 pages: _c24.5 cm. |
||
| 650 | 0 |
_96158 _aCorrections _xAdministration |
|
| 650 | 0 |
_96159 _aNon-institutional corrections _xAdministration |
|
| 650 | 0 |
_96160 _aPrison administration |
|
| 365 |
_b832.50 _cPhp. |
||
| 942 |
_2ddc _cDFIL |
||
| 999 |
_c1927 _d1927 |
||